Restaurant Logos Quiz Stats

 Plays Quiz Updated Mar 10, 2015

Score 0/20 Timer 05:00
73 Plays Today
# Restaurant % Correct
Starbucks
98.7%
Domino's Pizza
96.2%
Subway
94.5%
Dunkin' Donuts
92.4%
Burger King
91.7%
Red Lobster
87.4%
Baskin-Robbins
85.6%
Chili's Grill & Bar
83.9%
TGI Friday's
81.4%
Applebee's Neighborhood Grill & Bar
80.9%
# Restaurant % Correct
Olive Garden
80.7%
Sonic
77.9%
Hooters
76.2%
Cracker Barrel Old Country Store
72.5%
Chuck E. Cheese's
71.6%
Buffalo Wild Wings
70.9%
Cold Stone Creamery
52.5%
California Pizza Kitchen
45.1%
Auntie Anne's Pretzels
43.6%
Jamba Juice
40%

You're not logged in!

Compare scores with friends on all Sporcle quizzes.
OR
Log In

Show Comments

Extras

Top Quizzes Today


Score Distribution

Your Account Isn't Verified!

In order to create a playlist on Sporcle, you need to verify the email address you used during registration. Go to your Sporcle Settings to finish the process.

Report this User

Report this user for behavior that violates our Community Guidelines.

Details: